Proverbios y eclesiástico
Saved in:
| Format: | Bog |
|---|---|
| Sprog: | spansk |
| Udgivet: |
Madrid
Cristiandad
1968
|
| Fag: | |
| Tags: |
Tilføj Tag
Ingen Tags, Vær først til at tagge denne postø!
|
MARC
| LEADER | 00000nam a2200000 a 4500 | ||
|---|---|---|---|
| 001 | UCR2115 | ||
| 003 | CL-VaPUC | ||
| 008 | 980109e19680000SP |||||||||||||||||spa|d | ||
| 082 | 0 | 4 | |a 223.98 |b PRO |2 21 |
| 245 | 1 | 0 | |a Proverbios y eclesiástico |
| 300 | |a 332 p | ||
| 942 | |c BK | ||
| 945 | |d 19980109 00:00:00 |a jquezada | ||
| 260 | |a Madrid |b Cristiandad |c 1968 | ||
| 600 | 0 | |a Dios |9 314467 | |
| 650 | 0 | |a Proverbios |9 269154 | |
| 650 | 7 | |a ECLESIASTICO |2 CL-VaPUC |9 399807 | |
| 650 | 0 | |a Libros sapienciales |9 399808 | |
| 650 | 0 | |a Pentateuco |9 314343 | |
| 650 | 7 | |a SABIDURIA |2 CL-VaPUC |9 333169 | |
| 650 | 0 | |a Palabra de Dios (Teología) |9 399809 | |
| 583 | |a last modification |c 19980109 00:00:00 |k Rodrigo Vera | ||
| 999 | |c 265380 |d 265378 | ||
| 952 | |0 0 |1 0 |4 0 |6 223_980000000000000_PRO_1968 |7 0 |8 A |9 296283 |a BIBTEO |b BIBTEO |d 2019-11-20 |i 3387046 |o 223.98 PRO 1968 |p 3387046 |r 2025-01-17 |w 2019-11-20 |y BK |k ICR | ||